logo

Bir Sreshtho Munshi Abdur Rouf Library
Jhenaidah Cadet College

Reading, understanding, and writing about short stories / (Record no. 9085)

MARC details
000 -LEADER
fixed length control field 00724cam a22002531 4500
001 - CONTROL NUMBER
JCCL Control Number 9085
003 - CONTROL NUMBER IDENTIFIER
JCCL marc code BD-JhCC
005 - DATE AND TIME OF LATEST TRANSACTION
control field 20180315085739.0
008 - FIXED-LENGTH DATA ELEMENTS--GENERAL INFORMATION
fixed length control field 750211s1966 xx 000 0 eng
035 ## - SYSTEM CONTROL NUMBER
system control number (BD-JhCC)9085
040 ## - CATALOGING SOURCE
Original cataloging agency DLC
Transcribing agency OHirC
Modifying agency Uk
-- DLC
-- BD-JhCC
041 ## - LANGUAGE CODE
Language code of Book eng
050 00 - LIBRARY OF CONGRESS CALL NUMBER
Classification number PE1417
Item number .F4
082 ## - DEWEY DECIMAL CLASSIFICATION NUMBER
Classification number 808.31
Author mark and Year FEN 1966
100 1# - MAIN ENTRY--PERSONAL NAME
Personal name Fenson, Harry.
245 10 - TITLE STATEMENT
Title Reading, understanding, and writing about short stories /
Statement of responsibility, etc [by] Harry Fenson and Hildreth Kritzer.
260 ## - PUBLICATION, DISTRIBUTION, ETC. (IMPRINT)
Place of publication, distribution, etc New York,
Name of publisher, distributor, etc Free Press
Date of publication, distribution, etc [1966]
300 ## - PHYSICAL DESCRIPTION
Pagination x,389 p.
Dimensions 21 cm.
650 #0 - SUBJECT ADDED ENTRY--TOPICAL TERM
Topical term or geographic name as entry element English language
General subdivision Rhetoric.
650 #0 - SUBJECT ADDED ENTRY--TOPICAL TERM
Topical term or geographic name as entry element Short stories.
700 1# - ADDED ENTRY--PERSONAL NAME
Personal name Kritzer, Hildreth,
942 ## - ADDED ENTRY ELEMENTS (KOHA)
Source of classification or shelving scheme Dewey Decimal Classification
Koha item type Books
Holdings
Source of classification or shelving scheme Damaged status Not for loan Home library Current library Shelving location Total Checkouts Full call number Barcode Date last seen Copy number Koha item type
Dewey Decimal Classification     JCC Rouf Library JCC Rouf Library General Stacks   808.31 FEN 1966 12127 03/08/2018 C - 1 Books

JCC Library | Contacts | JCC Home

Last Update on 23 September 2017
Copyright @ 2017-2020 JCC Rouf Library
Rouf Library, Jhenidah Cadet College (JCC), Bangladesh